A GUNNER'S CALL THE MEMOIR OF LIEUTENANT GENERAL DATUK ABDUL AZIZ HASSAN

Bibliographic Details
Main Author: Abdul Aziz Hassan Lieutenant General Datuk 1946- (Author)
Corporate Author: Univesiti Pertahanan Nasional Malaysia
Format: Book
Published: Kuala Lumpur UPNM Press 2024
Edition:♭2024
Subjects:
LEADER 01058cam a2200277 i 4500
001 0000150567
005 20260109090000.0
008 260109t2010 my a e may
020 |a  9789672414940  |q  paperback  |c RM100.00 
040 |a RMC  |b eng  |c RMC  |e rda 
090 0 0 |a 808.882  |b  ABD 
100 1 |a Abdul Aziz Hassan  |c  Lieutenant General  |c  Datuk  |d  1946-  |e  author. 
245 1 0 |a A GUNNER'S CALL  |b THE MEMOIR OF LIEUTENANT GENERAL DATUK ABDUL AZIZ HASSAN  |c  ABDUL AZIZ HASSAN 
250 |a  ♭2024 
264 1 |a Kuala Lumpur  |b  UPNM Press  |c  2024 
300 |a  xvii, 446 pages  |b  colour photographs  |c  22 cm 
336 |a text  |2 rdacontent 
337 |a unmediated  |2 rdamedia 
338 |a volume  |2 rdacarrier 
500 |a  Includes index 
650 1 0 |a Government publications  |z  Malaysia 
650 0 |a Retired military personnel  |z  Malaysia  |v  Anecdotes 
650 0 |a  Veterans  |v  Anecdotes 
710 0 |a Univesiti Pertahanan Nasional Malaysia 
852 1 |a RMC 
999 |a 0000044378  |b Royal Military College  |d BOOKS  |e Umum  |f Royal Military College  |j AVAILABLE  |q GOOD CONDITION